ბათუმის შოთა რუსთაველის სახელმწიფო უნივერსიტეტის ბიბლიოთეკა

რჩეული თხზულებანი სამ ტომად. ტომი I. (ბიბ.ჩანაწერი № 50361)

000 -LEADER
fixed length control field 00837nam a2200241Ia 4500
001 - CONTROL NUMBER
control field 17302
003 - CONTROL NUMBER IDENTIFIER
control field GE_BSU
008 - FIXED-LENGTH DATA ELEMENTS--GENERAL INFORMATION
fixed length control field 181216s||||||||xx |||||||||||||| ||und||
040 ## - CATALOGING SOURCE
Transcribing agency GE_BSU
080 ## - UNIVERSAL DECIMAL CLASSIFICATION NUMBER
Universal Decimal Classification number 821.353.1+ 821.353.1_1
100 ## - MAIN ENTRY--PERSONAL NAME
Personal name მოსაშვილი,ილო
245 ## - TITLE STATEMENT
Title რჩეული თხზულებანი სამ ტომად. ტომი I.
245 ## - TITLE STATEMENT
Remainder of title ტომი I: პოეზია
245 ## - TITLE STATEMENT
Statement of responsibility, etc. რედ.:ილ. ხოშტარია;მხატვრ.:ნ.ლაფაჩი
260 ## - PUBLICATION, DISTRIBUTION, ETC.
Place of publication, distribution, etc. თბილისი
260 ## - PUBLICATION, DISTRIBUTION, ETC.
Name of publisher, distributor, etc. საბჭ.საქართველო
260 ## - PUBLICATION, DISTRIBUTION, ETC.
Date of publication, distribution, etc. 1968
300 ## - PHYSICAL DESCRIPTION
Extent 437გვ.;21სმ
300 ## - PHYSICAL DESCRIPTION
Accompanying material 1ფ.პორტრ.
653 ## - INDEX TERM--UNCONTROLLED
Uncontrolled term პოეზია
653 ## - INDEX TERM--UNCONTROLLED
Uncontrolled term რჩეული თხზულებანი
942 ## - ADDED ENTRY ELEMENTS (KOHA)
Koha item type წიგნი
ეგზემპლარები
Withdrawn status Lost status Damaged status Not for loan Date acquired Barcode Date last seen Price effective from Koha item type
        2018-12-17 41370 2018-12-17 2018-12-17 წიგნი